[Event "4NCL 2023-24"]
[Site "England ENG"]
[Date "2023.11.12"]
[Round "2.5"]
[Board "5"]
[White "Arora, Tashika"]
[Black "Webb, Laurence E"]
[Result "1/2-1/2"]
[BlackTitle "FM"]
[WhiteElo "1934"]
[BlackElo "2183"]
[WhiteTeam "Oxford 1"]
[BlackTeam "Blackthorne"]
[WhiteFideId "459305"]
[BlackFideId "402389"]
[EventDate "2023.11.11"]

1. d4 Nf6 2. c4 e6 3. g3 c5 4. d5 exd5 5. cxd5 b5 6. Bg2 d6 7. e4 Nbd7 8. Ne2 g6
9. O-O Bg7 10. Qc2 O-O 11. Bf4 Nb6 12. Nd2 Nh5 13. Be3 a5 14. Rfe1 Re8 15. Bf1
Ba6 16. Nc3 b4 17. Nd1 Bxf1 18. Rxf1 a4 19. Rb1 Nf6 20. f3 Nfd7 21. Bf2 Qc8 22.
b3 axb3 23. axb3 Qa6 24. Ne3 Ne5 25. f4 Nd3 26. Nec4 Nxf2 27. Kxf2 Bd4+ 28. Kg2
Qa2 29. Qxa2 Rxa2 30. Kf3 Nc8 31. Rbc1 Rd8 32. Ke2 Ne7 33. Kd3 f5 34. Nf3 fxe4+
35. Kxe4 Bc3 36. g4 Re2+ 37. Kd3 Rg2 38. Ne3 Ra2 39. h4 Rf8 40. Ke4 Re2 41. Kd3
Rxe3+ 42. Kxe3 Nxd5+ 43. Ke4 Nf6+ 44. Kd3 Nxg4 45. Ng5 d5 46. Ne6 Re8 47. Rxc3
bxc3 48. Nxc5 Re3+ 49. Kd4 c2 50. Rc1 Re2 1/2-1/2

[Event "4NCL 2023-24"]
[Site "England ENG"]
[Date "2023.11.12"]
[Round "2.5"]
[Board "6"]
[White "Ledger, Dave J"]
[Black "Zakarian, Dimitrios Levon"]
[Result "1-0"]
[WhiteTitle "FM"]
[WhiteElo "2207"]
[BlackElo "1966"]
[WhiteTeam "Blackthorne"]
[BlackTeam "Oxford 1"]
[WhiteFideId "401986"]
[BlackFideId "453080"]
[EventDate "2023.11.11"]

1. e4 c5 2. Nf3 e6 3. d4 cxd4 4. Nxd4 a6 5. a3 Qc7 6. c4 Nf6 7. Nc3 b6 8. f4 Bb7
9. Bd3 Nc6 10. Nf3 Na5 11. e5 Ng4 12. Ng5 Nh6 13. Qe2 Nb3 14. Rb1 Nd4 15. Qf1
Rc8 16. b4 d6 17. exd6 Bxd6 18. Qf2 Nhf5 19. O-O h6 20. Nge4 Be7 21. Rd1 O-O 22.
Ng3 Nxg3 23. hxg3 Bf6 24. Be3 Rfd8 25. Rbc1 Rd7 26. Ne2 Rcd8 27. Nxd4 Bxd4 28.
Bxd4 Rxd4 29. Bh7+ Kxh7 30. Rxd4 Rxd4 31. Qxd4 Qc6 32. Rc2 Qa4 33. Qd3+ f5 34.
Rd2 Qc6 35. Kh2 Kg6 36. g4 Qe4 37. Qxe4 fxe4 38. Rd6 Kf6 39. Rxb6 e3 40. f5 Bc8
41. Kg3 Ke5 42. Rxe6+ 1-0

[Event "4NCL 2023-24"]
[Site "England ENG"]
[Date "2023.11.12"]
[Round "2.5"]
[Board "7"]
[White "Manley, Jon P"]
[Black "Nelson, Jonathan P"]
[Result "1/2-1/2"]
[WhiteElo "2167"]
[BlackElo "2134"]
[WhiteTeam "Oxford 1"]
[BlackTeam "Blackthorne"]
[WhiteFideId "403296"]
[BlackFideId "404195"]
[EventDate "2023.11.11"]

1. e4 c5 2. Nc3 Nc6 3. g3 g6 4. Bg2 Bg7 5. d3 d6 6. Be3 e5 7. Nge2 Nge7 8. O-O
O-O 9. f4 exf4 10. Bxf4 Be6 11. Qd2 Qd7 12. Bh6 Ne5 13. Bxg7 Kxg7 14. Nf4 b5 15.
a3 Rac8 16. b3 a6 17. Kh1 Rce8 18. Rae1 Qd8 19. Nce2 Bc8 20. c3 Qa5 21. Qc1 Bb7
22. h3 c4 23. d4 Nd3 24. Nxd3 cxd3 25. Nf4 Rc8 26. b4 Qc7 27. Nxd3 Qxc3 28. Qe3
Rc4 29. d5 Qd4 30. Qf3 Rc3 31. Re3 Ng8 32. Rfe1 Nf6 33. Nf4 Rxe3 34. Rxe3 Re8
35. Re2 Qd1+ 36. Kh2 Nxd5 37. Nxd5 Bxd5 38. Qc3+ f6 39. Rd2 Qe1 40. exd5 Re3 41.
Qc7+ Kh6 42. Qxd6 Qxd2 43. Qxf6 Re2 44. Qf8+ Kh5 45. Qf3+ Kh6 46. Qf8+ Kh5 1/2-1/2

[Event "4NCL 2023-24"]
[Site "England ENG"]
[Date "2023.11.12"]
[Round "2.5"]
[Board "8"]
[White "Varney, Zoe"]
[Black "Cont, Arya"]
[Result "1/2-1/2"]
[WhiteTitle "WCM"]
[WhiteElo "2105"]
[BlackElo "2062"]
[WhiteTeam "Blackthorne"]
[BlackTeam "Oxford 1"]
[WhiteFideId "436135"]
[BlackFideId "26100363"]
[EventDate "2023.11.11"]

1. e4 e5 2. Nf3 Nc6 3. Bc4 Bc5 4. c3 Nf6 5. d3 O-O 6. O-O d6 7. a4 a5 8. h3 Be6
9. Nbd2 Qe7 10. Re1 Rfe8 11. Bb5 Bd7 12. Nc4 Nb8 13. Bxd7 Nbxd7 14. Bd2 c6 1/2-1/2

[Event "4NCL 2023-24"]
[Site "England ENG"]
[Date "2023.11.12"]
[Round "2.6"]
[Board "3"]
[White "Badacsonyi, Frankie"]
[Black "Chan, Sheng Liang Bernard"]
[Result "0-1"]
[WhiteElo "2160"]
[BlackElo "2082"]
[WhiteTeam "Barnet Knights A"]
[BlackTeam "Chessable White Rose 2"]
[WhiteFideId "460400"]
[BlackFideId "5712858"]
[EventDate "2023.11.11"]

1. d4 Nf6 2. c4 e6 3. Nc3 Bb4 4. e3 O-O 5. Bd2 d5 6. Nf3 b6 7. cxd5 exd5 8. Rc1
Be7 9. Bd3 c5 10. dxc5 bxc5 11. O-O Bb7 12. Bb1 Nbd7 13. b3 Re8 14. Na4 Ne4 15.
Qc2 g6 16. Rfd1 Nxd2 17. Nxd2 Bf8 18. Qd3 Qa5 19. Qc3 Qc7 20. b4 Qc6 21. Qc2 c4
22. a3 a5 23. Nb2 axb4 24. axb4 Bxb4 25. Nf3 Ba3 26. Qc3 Qb6 27. Rc2 Bb4 28. Qd4
Qxd4 29. Nxd4 Ra1 30. Nxc4 dxc4 31. Rxc4 Bf8 32. Nc2 Ne5 33. Rc7 Ra7 34. f4 Nc6
35. Rdd7 Re7 36. Rxe7 Bxe7 37. Nd4 Nxd4 38. Rxe7 Nc6 39. Re8+ Kg7 40. Be4 Ra8
41. Rxa8 Bxa8 42. Kf2 Bb7 43. Bd3 Nb4 44. Bb1 f5 0-1

[Event "4NCL 2023-24"]
[Site "England ENG"]
[Date "2023.11.12"]
[Round "2.6"]
[Board "4"]
[White "Li, Harry"]
[Black "Badacsonyi, Stanley"]
[Result "1-0"]
[WhiteElo "2107"]
[BlackElo "2196"]
[WhiteTeam "Chessable White Rose 2"]
[BlackTeam "Barnet Knights A"]
[WhiteFideId "430145"]
[BlackFideId "486973"]
[EventDate "2023.11.11"]

1. e4 e6 2. d4 d5 3. e5 c5 4. c3 Nc6 5. Nf3 Bd7 6. Be2 Nge7 7. Na3 cxd4 8. cxd4
Nf5 9. Nc2 Qb6 10. O-O Rc8 11. Kh1 h5 12. Rb1 Be7 13. Bd3 h4 14. Bxf5 exf5 15.
h3 Qa6 16. a3 Na5 17. Bd2 Ba4 18. Nb4 Bxd1 19. Nxa6 Bc2 20. Bxa5 Bxb1 21. Nc7+
Kd7 22. e6+ fxe6 23. Ne5+ Kd6 24. Nf7+ 1-0

[Event "4NCL 2023-24"]
[Site "England ENG"]
[Date "2023.11.12"]
[Round "2.6"]
[Board "5"]
[White "Mirzoeva, Elmira"]
[Black "Gayson, Peter M"]
[Result "1-0"]
[WhiteTitle "WGM"]
[BlackTitle "FM"]
[WhiteElo "2250"]
[BlackElo "2114"]
[WhiteTeam "Barnet Knights A"]
[BlackTeam "Chessable White Rose 2"]
[WhiteFideId "4127951"]
[BlackFideId "401838"]
[EventDate "2023.11.11"]

1. Nf3 f5 2. d3 d5 3. c4 c6 4. b3 Nf6 5. Bb2 e6 6. Nbd2 Be7 7. g3 O-O 8. Bg2 Ne8
9. e4 Bf6 10. Bxf6 Nxf6 11. O-O Na6 12. cxd5 exd5 13. e5 Ng4 14. h3 Nh6 15. Qe2
Nc5 16. Nd4 Ne6 17. N2f3 c5 18. Nxe6 Bxe6 19. d4 b6 20. Rac1 Qe7 21. dxc5 bxc5
22. b4 cxb4 23. Nd4 Kh8 24. Rc6 Bd7 25. Rc7 Rfc8 26. Nc6 Qe8 27. Rxc8 Rxc8 28.
Nd4 Rc4 29. Rd1 Ba4 30. Bxd5 Bxd1 31. Qxc4 Ng8 32. Qc7 h6 33. Nxf5 Qf8 34. Nd6
Bf3 35. Nf7+ Kh7 36. Bxf3 Ne7 37. Be4+ Kg8 38. Nd6 1-0

[Event "4NCL 2023-24"]
[Site "England ENG"]
[Date "2023.11.12"]
[Round "2.6"]
[Board "6"]
[White "Shaw, Peter"]
[Black "Villiers, Thomas"]
[Result "1/2-1/2"]
[BlackTitle "CM"]
[WhiteElo "2036"]
[BlackElo "2225"]
[WhiteTeam "Chessable White Rose 2"]
[BlackTeam "Barnet Knights A"]
[WhiteFideId "411361"]
[BlackFideId "427209"]
[EventDate "2023.11.11"]

1. d4 Nf6 2. c4 e6 3. Nc3 Bb4 4. Qc2 O-O 5. a3 Bxc3+ 6. Qxc3 Ne4 7. Qc2 d5 8.
Nf3 b6 9. g3 Ba6 10. b3 Nd7 11. Bb2 c6 12. Bg2 Qe7 13. Rc1 Rac8 14. O-O Nd6 15.
cxd5 cxd5 16. Qd2 Ne4 17. Qe3 b5 18. Rxc8 Rxc8 19. Rc1 b4 20. Rxc8+ Bxc8 21. Qc1
Ba6 22. Bf1 Qd6 23. a4 h6 24. Nd2 Nxd2 25. Qxd2 Nb8 26. Bc1 Nc6 27. e3 Bxf1 28.
Kxf1 Ne7 29. Qc2 Qa6+ 30. Ke1 Qc6 31. Qxc6 Nxc6 32. Kd2 Kh7 33. Kd3 f5 34. f3 g5
35. e4 Kg6 36. exd5 exd5 37. Be3 a5 38. Ke2 Nd8 39. g4 Nf7 40. h3 h5 41. Bf2 Nd8
42. Bg3 Ne6 43. Be5 Nf4+ 44. Bxf4 gxf4 45. gxf5+ Kxf5 46. h4 1/2-1/2

[Event "4NCL 2023-24"]
[Site "England ENG"]
[Date "2023.11.12"]
[Round "2.6"]
[Board "7"]
[White "Josse, Mark"]
[Black "Burnett, Jim"]
[Result "1/2-1/2"]
[WhiteTitle "CM"]
[WhiteElo "2153"]
[BlackElo "2013"]
[WhiteTeam "Barnet Knights A"]
[BlackTeam "Chessable White Rose 2"]
[WhiteFideId "414476"]
[BlackFideId "402273"]
[EventDate "2023.11.11"]

1. c4 e6 2. Nf3 d5 3. g3 Nf6 4. Bg2 Be7 5. O-O O-O 6. d4 c6 7. b3 Nbd7 8. Bb2 b6
9. Qc2 Bb7 10. Nbd2 Rc8 11. e4 Qc7 12. Rac1 Qb8 13. Rfe1 Rfd8 14. a3 Qa8 15. e5
Ne8 16. cxd5 cxd5 17. Qd3 Rxc1 18. Rxc1 Rc8 19. b4 Rxc1+ 20. Bxc1 Qc8 21. Bb2
Nc7 22. b5 a6 23. a4 axb5 24. axb5 Qa8 25. Qb3 Qa5 26. Bf1 f6 27. Bc3 Qa3 28.
Qxa3 Bxa3 29. Nb3 Kf7 30. Na1 fxe5 31. Nxe5+ Nxe5 32. dxe5 Bc8 33. Nc2 Be7 34.
Bd4 Bd7 35. Bxb6 Nxb5 36. Nd4 Nxd4 1/2-1/2

[Event "4NCL 2023-24"]
[Site "England ENG"]
[Date "2023.11.12"]
[Round "2.6"]
[Board "8"]
[White "Flint, Martina"]
[Black "Willmoth, Robert F"]
[Result "0-1"]
[BlackTitle "CM"]
[WhiteElo "1888"]
[BlackElo "2104"]
[WhiteTeam "Chessable White Rose 2"]
[BlackTeam "Barnet Knights A"]
[WhiteFideId "421383"]
[BlackFideId "402540"]
[EventDate "2023.11.11"]

1. f4 d6 2. g3 Nf6 3. Nf3 g6 4. Bg2 Bg7 5. O-O c5 6. d3 O-O 7. c3 Nc6 8. e4 Rb8
9. Qc2 b5 10. h3 Nd7 11. Na3 Ba6 12. Bd2 Qb6 13. Kh2 b4 14. Nc4 Bxc4 15. dxc4
bxc3 16. Bxc3 Bxc3 17. bxc3 Qa6 18. Nd2 Rb6 19. Rfb1 Rfb8 20. Rxb6 Rxb6 21. Bf1
Qa3 22. Rb1 Kf8 23. Bd3 Rxb1 24. Nxb1 Qa5 25. Nd2 Nb6 26. Nb3 Qa3 27. Nd2 Na5
28. Kg2 Qa4 29. Qxa4 Nxa4 30. Bc2 Nxc3 31. a3 Ne2 32. Kf2 Nd4 33. Ba4 e6 34. Ke3
f5 35. Kd3 Ke7 36. Bb5 Nxb5 37. cxb5 fxe4+ 38. Nxe4 Nb7 39. a4 d5 40. Ng5 c4+
41. Kd4 Nc5 42. Nf3 Nxa4 43. Ne5 c3 44. Kd3 Kd6 45. Nc6 a6 46. Nd4 axb5 47.
Nxb5+ Kc5 48. Nd4 Kb4 49. Kc2 Kc4 50. Nb3 d4 51. Na5+ Kd5 52. Kd3 Nc5+ 53. Kc2
Ke4 54. Nc6 Ke3 0-1

[Event "4NCL 2023-24"]
[Site "England ENG"]
[Date "2024.01.13"]
[Round "3.1"]
[Board "1"]
[White "Cherniaev, Alexander"]
[Black "Shirov, Alexei"]
[Result "0-1"]
[WhiteTitle "GM"]
[BlackTitle "GM"]
[WhiteElo "2375"]
[BlackElo "2658"]
[WhiteTeam "Barnet Knights A"]
[BlackTeam "Manx Liberty"]
[WhiteFideId "4117301"]
[BlackFideId "2209390"]
[EventDate "2023.11.11"]

1. Nf3 d5 2. g3 Nf6 3. Bg2 c6 4. c4 dxc4 5. Na3 b5 6. d3 Bb7 7. O-O Nbd7 8. dxc4
b4 9. Nc2 c5 10. Bf4 e6 11. a3 Qb6 12. axb4 cxb4 13. Ncd4 Bc5 14. Nb5 O-O 15.
Bc7 Qc6 16. Ne1 Ne4 17. Ba5 Ne5 18. Qc2 Nxc4 19. Rc1 Nxa5 20. Bxe4 Qxe4 21. Qxe4
Bxe4 22. Rxc5 Nb3 23. Rc4 Nd2 24. Rxb4 Rab8 0-1

[Event "4NCL 2023-24"]
[Site "England ENG"]
[Date "2024.01.13"]
[Round "3.1"]
[Board "2"]
[White "Lupulescu, Constantin"]
[Black "Villiers, Thomas"]
[Result "1-0"]
[WhiteTitle "GM"]
[BlackTitle "CM"]
[WhiteElo "2579"]
[BlackElo "2225"]
[WhiteTeam "Manx Liberty"]
[BlackTeam "Barnet Knights A"]
[WhiteFideId "1207822"]
[BlackFideId "427209"]
[EventDate "2023.11.11"]

1. e4 c5 2. Nf3 d6 3. d4 cxd4 4. Nxd4 Nf6 5. Nc3 Nc6 6. Bg5 e6 7. Qd2 Nxd4 8.
Qxd4 Bd7 9. O-O-O Qa5 10. Bd2 Be7 11. f3 Qc5 12. Qxc5 dxc5 13. Be3 Bc6 14. Bb5
Rc8 15. Bxc6+ Rxc6 16. Nb5 a6 17. Na7 Rc7 18. Bf4 Rd7 19. Nc8 c4 20. Rxd7 Nxd7
21. Rd1 e5 22. Be3 c3 23. bxc3 Ba3+ 24. Kb1 Nb8 25. c4 O-O 26. Nb6 Nc6 27. c5
Nd4 28. Rd3 Bxc5 29. Nd7 Rc8 30. c3 Ne6 31. Nxc5 Nxc5 32. Bxc5 Rc7 33. Rd8# 1-0

[Event "4NCL 2023-24"]
[Site "England ENG"]
[Date "2024.01.13"]
[Round "3.1"]
[Board "3"]
[White "Badacsonyi, Stanley"]
[Black "Erdos, Viktor"]
[Result "1/2-1/2"]
[BlackTitle "GM"]
[WhiteElo "2196"]
[BlackElo "2552"]
[WhiteTeam "Barnet Knights A"]
[BlackTeam "Manx Liberty"]
[WhiteFideId "486973"]
[BlackFideId "719978"]
[EventDate "2023.11.11"]

1. d4 Nf6 2. Bg5 d5 3. e3 c5 4. c3 Qb6 5. Qb3 c4 6. Qxb6 axb6 7. Bxf6 gxf6 8. e4
e6 9. g3 b5 10. exd5 exd5 11. Bg2 Be6 12. Ne2 Nd7 13. Nd2 b4 14. Nf1 Nb6 15. Ne3
Ra5 16. Kd2 Kd7 17. Nc2 bxc3+ 18. Nxc3 Bh6+ 19. f4 Rha8 20. b4 R5a6 21. a4 Nxa4 1/2-1/2

[Event "4NCL 2023-24"]
[Site "England ENG"]
[Date "2024.01.13"]
[Round "3.1"]
[Board "4"]
[White "Parligras, Mircea-Emilian"]
[Black "Pollack, Oscar"]
[Result "1-0"]
[WhiteTitle "GM"]
[WhiteElo "2543"]
[BlackElo "2092"]
[WhiteTeam "Manx Liberty"]
[BlackTeam "Barnet Knights A"]
[WhiteFideId "1204297"]
[BlackFideId "429414"]
[EventDate "2023.11.11"]

1. Nf3 Nf6 2. c4 b6 3. d4 e6 4. g3 Ba6 5. b3 Bb4+ 6. Bd2 Be7 7. Bg2 d5 8. O-O
O-O 9. Ne5 c6 10. Bc3 Qc7 11. Nd2 Nbd7 12. Nxd7 Qxd7 13. a4 c5 14. a5 Bb7 15. a6
Bc6 16. Nf3 Ne4 17. Bb2 f6 18. Qc2 Rac8 19. Rfd1 Qe8 20. dxc5 Bxc5 21. Nd4 Ba8
22. e3 f5 23. Rac1 dxc4 24. bxc4 Qg6 25. Nb3 Bc6 26. Be5 Ng5 27. Nxc5 Bxg2 28.
Kxg2 Rxc5 29. Bf4 e5 30. Bxg5 Qxg5 31. Rd5 Rxd5 32. cxd5 f4 33. Qe4 Qh5 34. exf4
exf4 35. Qe6+ Qf7 36. Rc7 Qxe6 37. dxe6 fxg3 38. e7 Rxf2+ 39. Kxg3 Re2 40. Rxa7
Kf7 41. Rb7 h5 42. a7 h4+ 43. Kxh4 Rxh2+ 44. Kg3 Ra2 45. Rb8 Kxe7 46. a8=Q Rxa8
47. Rxa8 Kd6 48. Kf4 g5+ 49. Ke4 Kc5 50. Kd3 Kb4 51. Kc2 1-0

[Event "4NCL 2023-24"]
[Site "England ENG"]
[Date "2024.01.13"]
[Round "3.1"]
[Board "5"]
[White "Josse, Mark"]
[Black "Bobras, Piotr"]
[Result "1/2-1/2"]
[WhiteTitle "CM"]
[BlackTitle "GM"]
[WhiteElo "2153"]
[BlackElo "2428"]
[WhiteTeam "Barnet Knights A"]
[BlackTeam "Manx Liberty"]
[WhiteFideId "414476"]
[BlackFideId "1106880"]
[EventDate "2023.11.11"]

1. c4 e5 2. Nc3 Nf6 3. Nf3 Nc6 4. g3 d5 5. cxd5 Nxd5 6. Bg2 Nb6 7. O-O Be7 8. b3
O-O 9. Bb2 Re8 10. Rc1 Bf8 11. Ne4 Bg4 12. h3 Bh5 13. Nc5 e4 14. Ne1 Nd4 15. g4
Bxc5 16. Rxc5 Bg6 17. Bxd4 Qxd4 18. Rxc7 Qd6 19. Rc1 Rad8 20. f4 Nd5 21. f5 Ne3
22. dxe3 Qxd1 23. Rxd1 Rxd1 24. fxg6 hxg6 25. Nc2 Rxf1+ 26. Kxf1 g5 27. Nd4 g6
28. Ke1 Kg7 29. a4 Kf6 30. Nb5 Ke5 31. Nxa7 f5 32. Nb5 Rc8 33. Kd2 Rd8+ 34. Ke1
Rc8 35. Kd2 Rd8+ 36. Ke1 1/2-1/2

[Event "4NCL 2023-24"]
[Site "England ENG"]
[Date "2024.01.13"]
[Round "3.1"]
[Board "6"]
[White "Csonka, Balazs"]
[Black "Mirzoeva, Elmira"]
[Result "1-0"]
[WhiteTitle "IM"]
[BlackTitle "WGM"]
[WhiteElo "2491"]
[BlackElo "2250"]
[WhiteTeam "Manx Liberty"]
[BlackTeam "Barnet Knights A"]
[WhiteFideId "742910"]
[BlackFideId "4127951"]
[EventDate "2023.11.11"]

1. d4 Nf6 2. c4 d6 3. Nc3 Nbd7 4. e4 e5 5. Nf3 Be7 6. Be2 O-O 7. O-O c6 8. Qc2
a6 9. Be3 Qc7 10. Rac1 Re8 11. h3 exd4 12. Nxd4 Bf8 13. Rfd1 Nc5 14. Bf3 a5 15.
b3 g6 16. Bf4 Nfd7 17. Rd2 Ne5 18. Be2 Ne6 19. Be3 Nxd4 20. Rxd4 f5 21. Rcd1 Qf7
22. Qc1 Be6 23. exf5 gxf5 24. Bf4 c5 25. R4d2 Ng6 26. Bh5 Qf6 27. Bxg6 hxg6 28.
Rd3 Bf7 29. Nb5 Re2 30. Nc3 Ree8 31. Bxd6 Rad8 32. Nb5 g5 33. Be5 Qe7 34. Nd6
Qxe5 35. Nxf7 Kxf7 36. Rxd8 Rxd8 37. Rxd8 Bd6 38. Qd1 Ke7 39. Qxd6+ Qxd6 40.
Rxd6 Kxd6 41. f4 g4 42. hxg4 fxg4 43. Kf2 Ke6 44. Ke3 Kf5 45. g3 b6 46. a4 Kf6
47. Ke4 Ke6 48. f5+ Kf6 49. Kf4 1-0

[Event "4NCL 2023-24"]
[Site "England ENG"]
[Date "2024.01.13"]
[Round "3.1"]
[Board "7"]
[White "Willmoth, Robert F"]
[Black "Terbe, Julianna"]
[Result "0-1"]
[WhiteTitle "CM"]
[BlackTitle "WIM"]
[WhiteElo "2104"]
[BlackElo "2289"]
[WhiteTeam "Barnet Knights A"]
[BlackTeam "Manx Liberty"]
[WhiteFideId "402540"]
[BlackFideId "708780"]
[EventDate "2023.11.11"]

1. Nf3 d5 2. d4 Nf6 3. c4 c6 4. e3 Bf5 5. Nc3 e6 6. Nh4 Bg6 7. Qb3 Qc7 8. Be2
Nbd7 9. Bd2 Ne4 10. Nxe4 Bxe4 11. cxd5 Bxd5 12. Qc2 Be7 13. Nf3 f5 14. Bd3 Nf6
15. Ne5 Bd6 16. O-O O-O 17. b4 Rad8 18. Bc3 Be4 19. Rfd1 Bxd3 20. Rxd3 Nd5 21.
Qb3 Qe7 22. Rb1 Bxe5 23. dxe5 Nxc3 24. Rxc3 Rd5 25. f4 Rfd8 26. a4 Qh4 27. Rcc1
Rd2 0-1

[Event "4NCL 2023-24"]
[Site "England ENG"]
[Date "2024.01.13"]
[Round "3.1"]
[Board "8"]
[White "Miah, Zahed"]
[Black "Dasgupta, Avyukt"]
[Result "0-1"]
[WhiteElo "1895"]
[BlackElo "2012"]
[WhiteTeam "Manx Liberty"]
[BlackTeam "Barnet Knights A"]
[WhiteFideId "448940"]
[BlackFideId "480630"]
[EventDate "2023.11.11"]

1. d4 d5 2. c4 c6 3. Nf3 Nf6 4. Nc3 a6 5. cxd5 cxd5 6. Bf4 Nc6 7. e3 Bg4 8. Be2
e6 9. h3 Bxf3 10. Bxf3 Bd6 11. Bxd6 Qxd6 12. O-O O-O 13. Rc1 Nd7 14. Na4 Na5 15.
Rc3 b5 16. Nc5 b4 17. Rc1 Rac8 18. Nxd7 Qxd7 19. Be2 Nc4 20. b3 Nd6 21. Bxa6 Ra8
22. Qe2 Ne4 23. Bd3 Nc3 24. Qg4 Rxa2 25. f4 f5 26. Qf3 Rd2 27. Rc2 Rxd3 28. Re1
Ne4 0-1

[Event "4NCL 2023-24"]
[Site "England ENG"]
[Date "2024.01.13"]
[Round "3.2"]
[Board "1"]
[White "Claridge-Hansen, William"]
[Black "Alsina Leal, Daniel"]
[Result "1/2-1/2"]
[WhiteTitle "FM"]
[BlackTitle "GM"]
[WhiteElo "2366"]
[BlackElo "2494"]
[WhiteTeam "Oxford 1"]
[BlackTeam "Chessable White Rose 1"]
[WhiteFideId "422509"]
[BlackFideId "2252627"]
[EventDate "2023.11.11"]

1. Nf3 d5 2. e3 Nf6 3. c4 e6 4. Nc3 b6 5. b3 Bb7 6. Bb2 Nbd7 7. Rc1 a6 8. cxd5
exd5 9. Ne2 g6 10. Ne5 Nxe5 11. Bxe5 Bd6 12. Bxd6 Qxd6 13. d4 Ne4 14. Nc3 Qb4
15. Qd3 O-O 16. f3 Nd6 17. Qd2 Rfe8 18. Nd1 c5 19. Qxb4 cxb4 20. Kd2 a5 21. Nb2
Nf5 22. Rc7 Rab8 23. Bd3 Nh4 24. Na4 Re6 25. Ke2 Nxg2 26. Kf2 Nxe3 27. Re1 Nf5
28. Rxe6 fxe6 29. Bxf5 gxf5 30. Nxb6 Ba6 31. Nd7 Rc8 32. Nf6+ Kf8 33. Nxh7+ Kg8
34. Nf6+ Kf8 35. Nh7+ Kg8 36. Nf6+ Kf8 37. Nd7+ Ke7 38. Rxc8 Bxc8 39. Nc5 Kf6
40. Ke3 Kg5 41. Nd3 Bd7 42. Nf4 Kh4 43. Kf2 Bc8 44. Kg2 Bd7 45. Nd3 Bc8 46. Nf4
Bd7 47. Kf2 Bc8 48. Ke3 Bd7 49. Kf2 1/2-1/2

[Event "4NCL 2023-24"]
[Site "England ENG"]
[Date "2024.01.13"]
[Round "3.2"]
[Board "2"]
[White "Rowson, Jonathan"]
[Black "Macfarlane, Donald"]
[Result "1/2-1/2"]
[WhiteTitle "GM"]
[WhiteElo "2527"]
[BlackElo "2184"]
[WhiteTeam "Chessable White Rose 1"]
[BlackTeam "Oxford 1"]
[WhiteFideId "2400561"]
[BlackFideId "343402100"]
[EventDate "2023.11.11"]

1. d4 Nf6 2. c4 e6 3. Nc3 Bb4 4. Qc2 O-O 5. a3 Bxc3+ 6. Qxc3 d6 7. Bg5 Nbd7 8.
e3 e5 9. Nf3 h6 10. Bh4 g5 11. Bg3 Ne4 12. Qc2 Nxg3 13. hxg3 Kg7 14. O-O-O Qe7
15. Bd3 Nf6 16. dxe5 dxe5 17. Bf5 Re8 18. Bxc8 Raxc8 19. Rd2 Rcd8 20. Rhd1 Rxd2
21. Rxd2 Qe6 22. b3 a5 23. Kb2 Re7 24. Rd8 b6 25. Nd2 Rd7 26. Rxd7 1/2-1/2

[Event "4NCL 2023-24"]
[Site "England ENG"]
[Date "2024.01.13"]
[Round "3.2"]
[Board "3"]
[White "Hobson, Kenneth"]
[Black "Emms, John M"]
[Result "1/2-1/2"]
[WhiteTitle "CM"]
[BlackTitle "GM"]
[WhiteElo "2120"]
[BlackElo "2442"]
[WhiteTeam "Oxford 1"]
[BlackTeam "Chessable White Rose 1"]
[WhiteFideId "480819"]
[BlackFideId "400254"]
[EventDate "2023.11.11"]

1. e4 c6 2. Nf3 d5 3. exd5 cxd5 4. Ne5 Nc6 5. d4 e6 6. Bb5 Bd7 7. Bxc6 Bxc6 8.
O-O Nf6 9. c4 dxc4 10. Nxc6 bxc6 11. Qa4 Qb6 12. Qxc4 Be7 13. Nc3 O-O 14. Rb1
Nd5 15. Be3 Nxe3 16. fxe3 e5 17. Kh1 exd4 18. exd4 Rac8 19. Rbe1 Bb4 20. Re3
Bxc3 21. bxc3 Qb5 22. Qxb5 cxb5 23. Rb1 a6 24. Kg1 Rc4 25. Rb3 Rfc8 26. Ra3 R4c6
27. Re7 g6 28. Ra7 Rxc3 29. Rxc3 Rxc3 30. Rxa6 Rd3 31. a4 b4 32. Rb6 Rxd4 33. a5
Rd1+ 34. Kf2 Ra1 35. Rxb4 Rxa5 36. h4 h5 37. Kg3 Kg7 38. Kh3 Kf6 39. g3 Ke5 40.
Rf4 f6 41. Rb4 Ra2 42. Rb5+ Ke4 43. Rb4+ Ke3 44. Rb6 g5 45. hxg5 fxg5 46. Rb3+
Kf2 47. g4 h4 48. Rf3+ Kg1 49. Rf1+ Kxf1 1/2-1/2

[Event "4NCL 2023-24"]
[Site "England ENG"]
[Date "2024.01.13"]
[Round "3.2"]
[Board "4"]
[White "Wells, Peter K"]
[Black "Zakarian, David"]
[Result "1/2-1/2"]
[WhiteTitle "GM"]
[BlackTitle "FM"]
[WhiteElo "2351"]
[BlackElo "2293"]
[WhiteTeam "Chessable White Rose 1"]
[BlackTeam "Oxford 1"]
[WhiteFideId "400327"]
[BlackFideId "13301276"]
[EventDate "2023.11.11"]

1. d4 Nf6 2. c4 c5 3. d5 e5 4. Nc3 d6 5. e4 g6 6. Be2 a6 7. f4 exf4 8. Bxf4 Qe7
9. Nf3 Nbd7 10. O-O Ng4 11. h3 Nge5 12. Nxe5 Nxe5 13. Na4 Bg7 14. Nb6 Rb8 15.
Qa4+ Kf8 16. Rab1 g5 17. Bg3 Ng6 18. Bh5 Bd4+ 19. Kh1 Kg7 20. b4 Rf8 21. bxc5
Bxc5 22. Qc2 f6 23. Na4 Bd4 24. c5 Be5 25. cxd6 Qxd6 26. Bxe5 Qxe5 27. Bxg6 hxg6
28. Rbc1 Rf7 29. Nb6 Bd7 30. Qc3 Re8 31. Qxe5 Rxe5 32. Nc4 Rxe4 33. Nd6 Rd4 34.
Nxf7 Kxf7 35. Rc7 Rxd5 36. Rxb7 f5 37. Re1 a5 38. Ra7 f4 39. Re2 Kf6 40. Ra6+
Kf7 41. Rb2 g4 42. hxg4 Bxg4 43. Rb7+ Bd7 44. Rba7 Rd1+ 45. Kh2 Rd2 46. Kg1 g5
47. Kf1 g4 48. Ke1 Rd4 49. Rxa5 Kf6 50. R7a6+ Kf7 51. Rb6 Ke7 52. Ra7 Re4+ 53.
Kf2 Rd4 54. Ke1 Re4+ 55. Kf2 Rd4 56. Ke1 1/2-1/2

[Event "4NCL 2023-24"]
[Site "England ENG"]
[Date "2024.01.13"]
[Round "3.2"]
[Board "5"]
[White "Cont, Arya"]
[Black "Palliser, Richard J D"]
[Result "1/2-1/2"]
[BlackTitle "IM"]
[WhiteElo "2062"]
[BlackElo "2375"]
[WhiteTeam "Oxford 1"]
[BlackTeam "Chessable White Rose 1"]
[WhiteFideId "26100363"]
[BlackFideId "407372"]
[EventDate "2023.11.11"]

1. Nf3 Nf6 2. g3 g6 3. Bg2 Bg7 4. O-O O-O 5. d4 d6 6. c4 c5 7. dxc5 dxc5 8. Nc3
Nc6 9. Be3 Qa5 10. Qc1 Be6 11. Nd2 Nd4 12. Bxb7 Rab8 13. Bf3 Nxf3+ 14. exf3 Qb4
15. a3 Qb7 16. Bxc5 Rfc8 17. b4 Nd7 18. Rb1 Nxc5 19. bxc5 Qc6 20. Nd5 Rxb1 21.
Qxb1 Qxc5 22. Ne4 Qxa3 23. Qb7 Re8 24. Qc6 Rc8 25. Qb7 Re8 26. Qc6 Rc8 1/2-1/2